[Event "ESP-ch U12"]
[Site "Salobrena"]
[Date "2022.07.11"]
[Round "2"]
[White "Sala Martin, Guillem"]
[Black "Rey Martinez, Jaime"]
[Result "0-1"]
[WhiteElo "1479"]
[BlackElo "2117"]
[PlyCount "98"]
[EventDate "2022.07.04"]
[EventType "swiss"]
[EventRounds "9"]
[EventCountry "ESP"]
[SourceTitle "EXT 2023"]
[Source "ChessBase"]
[SourceDate "2022.10.05"]
[SourceVersion "1"]
[SourceVersionDate "2022.10.05"]
[SourceQuality "1"]

1. c4 e6 2. Nf3 d5 3. b3 Nf6 4. Bb2 Bd6 5. e3 0-0 6. Nc3 a6 7. d4 b6 8. Be2 Bb7 9. 0-0 Nbd7 10. Rc1 Ne4 11. Nxe4 dxe4 12. Ne5 Bxe5 13. dxe5 Qe7 14. Qc2 Qg5 15. Rfd1 Nxe5 16. Bxe5 Qxe5 17. c5 Bd5 18. cxb6 cxb6 19. Qc7 Qxc7 20. Rxc7 Rfc8 21. Rdc1 Rxc7 22. Rxc7 Kf8 23. g3 Ke8 24. Kf1 g6 25. Ke1 e5 26. Bc4 Bxc4 27. bxc4 Rd8 28. Rb7 Rd6 29. Rc7 Rf6 30. a4 Kd8 31. Ra7 Kc8 32. Re7 Rc6 33. Rxf7 Rxc4 34. Rxh7 Rxa4 35. Rg7 Ra1+ 36. Ke2 Ra2+ 37. Ke1 b5 38. Rxg6 Kc7 39. Rg4 b4 40. Rxe4 a5 41. Rc4+ Kd6 42. Rc1 b3 43. Rb1 a4 44. h4 Rc2 45. h5 b2 46. Kd1 Rxf2 47. h6 a3 48. Ke1 Rh2 49. h7 Rxh7 0-1